Sports Quiz

Random Sports or College Quiz

Last 10 College Football National Champions Quiz Stats

Quiz not verified by Sporcle

Challenge
Share
Tweet
Embed
Score 0/10 Timer 10:00
0 Plays Today
Year Teams % Correct
2010-2011Auburn and Oregon
88.5%
2006-2007Florida and Ohio State
73.1%
2005-2006Texas and USC
69.2%
2009-2010Alabama and Texas
65.4%
2008-2009Florida and Oklahoma
61.5%
2002-2003Ohio State and Miami
57.7%
2007-2008LSU and Ohio State
53.8%
2001-2002Miami and Nebraska
53.8%
2003-2004LSU and Oklahoma
50%
2004-2005USC and Oklahoma
46.2%

You're not logged in!

Compare scores with friends on all Sporcle quizzes.
Sign Up with Email
OR
Log In

You Might Also Like...

Show Comments

Extras

Top Quizzes Today


Score Distribution

Your Account Isn't Verified!

In order to create a playlist on Sporcle, you need to verify the email address you used during registration. Go to your Sporcle Settings to finish the process.